000 00479cam a22001691 4500
001 4056107
005 20251211101002.0
008 850108s1955 nyua b 000 0 eng
050 0 0 _aR131
_b.A18
082 0 0 _a610.9
100 1 _aAckerknecht, Erwin Heinz,
_d1906-1988.
245 1 2 _aA short history of medicine.
_cErwin H. Ackerknecht
260 _aNew York,
_bRonald Press Co.
_c[1955]
300 _a258 p.
_billus.
_c22 cm.
650 0 _aMedicine
_xHistory.
942 _2lcc
_cBK
_n0
999 _c8542
_d8542